[Event "DEM U16 2012"]
[Site "Oberhof GER"]
[Date "2012.06.01"]
[Round "8"]
[White "Müller, Nick"]
[Black "Florstedt, Johannes"]
[Result "1/2-1/2"]
[Termination "normal"]
[Board "11"]
[WhiteElo "2065"]
[BlackElo "2093"]
[PlyCount "92"]
[WhiteFideId "24692093"]
[BlackFideId "12922293"]
[EventCountry "GER"]
[EventRounds "9"]
[EventType "swiss"]
[EventDate "2012.05.26"]

1. Nf3 Nf6 2. c4 c5 3. Nc3 g6 4. g3 Bg7 5. Bg2 d6 6. O-O O-O 7. d4 cxd4 8. Nxd4
Nc6 9. Nxc6 bxc6 10. Qc2 Rb8 11. e4 Qa5 12. Bd2 Qh5 13. h4 h6 14. e5 Bf5 15.
Qd1 Ng4 16. exd6 exd6 17. Bf4 Rxb2 18. Rc1 Rd8 19. Qf3 Be6 20. Qxc6 Be5 21.
Bxe5 dxe5 22. Bf3 Kg7 23. Nd5 g5 24. Ne3 gxh4 25. Qe4 f5 26. Bxg4 fxg4 27. gxh4
Rd4 28. Qg2 Qxh4 29. Rb1 Rdd2 30. Rxb2 Rxb2 31. Rc1 Bc8 32. a3 g3 33. Qxg3+
Qxg3+ 34. fxg3 Rb3 35. Kf2 Rxa3 36. c5 Kf7 37. Nc4 Ra2+ 38. Ke3 Ke6 39. Rd1 Ra6
40. Nd6 Bd7 41. Rh1 Ra3+ 42. Kf2 Ra2+ 43. Ke3 Kd5 44. Rxh6 Ra3+ 45. Kf2 Ra2+
46. Ke3 Ra3+ 1/2-1/2

[Event "DEM U16 2012"]
[Site "Oberhof GER"]
[Date "2012.06.01"]
[Round "8"]
[White "Kyas, Philipp"]
[Black "Kreyssig, Robert"]
[Result "1-0"]
[Termination "normal"]
[Board "12"]
[WhiteElo "2100"]
[BlackElo "1935"]
[PlyCount "87"]
[WhiteFideId "24670936"]
[BlackFideId "4662881"]
[EventCountry "GER"]
[EventRounds "9"]
[EventType "swiss"]
[EventDate "2012.05.26"]

1. d4 Nf6 2. c4 e6 3. Nc3 Bb4 4. e3 b6 5. Nf3 Bb7 6. Qc2 Ne4 7. Bd3 f5 8. Bd2
Bxc3 9. Bxc3 O-O 10. O-O-O c5 11. Rdg1 Nxc3 12. Qxc3 Bxf3 13. gxf3 Qf6 14. d5
Qxc3+ 15. bxc3 Na6 16. e4 e5 17. exf5 d6 18. Rg4 Rae8 19. h4 Rf6 20. h5 h6 21.
Bc2 Nb8 22. Re1 Nd7 23. f4 Kf8 24. Ba4 Re7 25. Bxd7 Rxd7 26. fxe5 Rxf5 27. e6
Re7 28. Ree4 Rxh5 29. Ref4+ Kg8 30. Kc2 Re5 31. Rg3 g5 32. Rf6 Kg7 33. Rgf3 h5
34. Rf8 h4 35. Rd8 Kg6 36. Rff8 Rh7 37. f4 gxf4 38. Rxf4 h3 39. Rg8+ Kh5 40.
Rf3 Re2+ 41. Kd3 Rh2 42. Rf5+ Kh4 43. Rf4+ Kh5 44. Rf7 1-0

[Event "DEM U16 2012"]
[Site "Oberhof GER"]
[Date "2012.06.01"]
[Round "8"]
[White "Knopf, Felix"]
[Black "Grötzbach, Julian"]
[Result "1/2-1/2"]
[Termination "normal"]
[Board "13"]
[WhiteElo "1790"]
[BlackElo "2042"]
[PlyCount "54"]
[WhiteFideId "24692204"]
[BlackFideId "24600938"]
[EventCountry "GER"]
[EventRounds "9"]
[EventType "swiss"]
[EventDate "2012.05.26"]

1. d4 d5 2. c4 c6 3. Nc3 Nf6 4. Nf3 e6 5. cxd5 exd5 6. Bg5 h6 7. Bh4 Bf5 8. Qb3
Qb6 9. Qxb6 axb6 10. Bxf6 gxf6 11. e3 Be7 12. Kd2 O-O 13. Nh4 Be6 14. Bd3 Rd8
15. Nf5 Bf8 16. g4 b5 17. h4 Bxf5 18. Bxf5 Bg7 19. Ne2 Na6 20. Nf4 Nc7 21. a3
Kf8 22. Rag1 Ke7 23. Nh5 Bh8 24. Bc2 Ne8 25. Ng3 Nd6 26. Nf5+ Nxf5 27. Bxf5 Bg7
1/2-1/2

[Event "DEM U16 2012"]
[Site "Oberhof GER"]
[Date "2012.06.01"]
[Round "8"]
[White "Kardoeus, David"]
[Black "Arnoczky, Philipp"]
[Result "0-1"]
[Termination "normal"]
[Board "15"]
[WhiteElo "1771"]
[BlackElo "1999"]
[PlyCount "60"]
[WhiteFideId "12912050"]
[BlackFideId "12913243"]
[EventCountry "GER"]
[EventRounds "9"]
[EventType "swiss"]
[EventDate "2012.05.26"]

1. b3 d5 2. Bb2 Bg4 3. Nf3 Bxf3 4. exf3 Nf6 5. g3 g6 6. Bg2 Bg7 7. O-O O-O 8.
d3 e6 9. Nd2 c5 10. Re1 Nc6 11. f4 Rc8 12. Nf3 d4 13. Re2 Nd5 14. Qe1 a6 15. a4
b5 16. Nd2 Ncb4 17. Ne4 Qb6 18. Bh3 c4 19. a5 Qc7 20. Ba3 cxd3 21. cxd3 Nxd3
22. Qd2 b4 23. Qxd3 bxa3 24. Rd2 Nb4 25. Qc4 Qxa5 26. Qf1 d3 27. Nd6 Bxa1 28.
Qxa1 Nc2 29. Qe5 Qxe5 30. fxe5 a2 0-1

[Event "DEM U16 2012"]
[Site "Oberhof GER"]
[Date "2012.06.01"]
[Round "8"]
[White "Schreiber, Kevin"]
[Black "Kühne, Niklas"]
[Result "1/2-1/2"]
[Termination "normal"]
[Board "16"]
[WhiteElo "1869"]
[BlackElo "1724"]
[PlyCount "76"]
[WhiteFideId "24655830"]
[BlackFideId "24690015"]
[EventCountry "GER"]
[EventRounds "9"]
[EventType "swiss"]
[EventDate "2012.05.26"]

1. d4 d5 2. Nf3 Nf6 3. c4 e6 4. e3 Be7 5. b3 O-O 6. Bd3 Nbd7 7. O-O b6 8. Bb2
Bb7 9. Nc3 Re8 10. Qe2 Rc8 11. Rfd1 c6 12. Rac1 Bd6 13. e4 Bf4 14. e5 Ne4 15.
Nxe4 Bxc1 16. Nd6 Bxb2 17. Qxb2 Ba8 18. cxd5 exd5 19. Qc2 Nf8 20. Nxc8 Qxc8 21.
Rc1 Qd7 22. b4 h6 23. a4 Ne6 24. Bf5 Rc8 25. Nd2 Qe7 26. Qb2 Qh4 27. Bxe6 fxe6
28. Nb3 Qe7 29. Qc3 Bb7 30. h3 Ba6 31. Nd2 Qf7 32. Qf3 Qxf3 33. Nxf3 Bc4 34.
Nd2 c5 35. dxc5 bxc5 36. bxc5 Rxc5 37. Nxc4 dxc4 38. Rc3 g5 1/2-1/2

[Event "DEM U16 2012"]
[Site "Oberhof GER"]
[Date "2012.06.01"]
[Round "8"]
[White "Adiyaman, Rene"]
[Black "Passon, Marcel"]
[Result "0-1"]
[Termination "normal"]
[Board "17"]
[WhiteElo "1860"]
[BlackElo "1894"]
[PlyCount "80"]
[WhiteFideId "12910414"]
[BlackFideId "12905186"]
[EventCountry "GER"]
[EventRounds "9"]
[EventType "swiss"]
[EventDate "2012.05.26"]

1. e4 e5 2. Nf3 Nc6 3. Bc4 Bc5 4. c3 Nf6 5. d4 exd4 6. cxd4 Bb4+ 7. Bd2 Bxd2+
8. Qxd2 d5 9. exd5 Nxd5 10. O-O O-O 11. Bxd5 Qxd5 12. Nc3 Qh5 13. Rfe1 Bg4 14.
Ne5 Rad8 15. Nxc6 bxc6 16. Qf4 Qf5 17. Qxc7 Rxd4 18. Qxa7 c5 19. Qa3 Rf4 20.
Rf1 Qg5 21. Kh1 Rf3 22. Qa4 Qh5 23. Kg1 Rf6 24. Qe4 Rg6 25. f3 Bd7 26. Qd5 Bf5
27. Qxc5 Rxg2+ 28. Kxg2 Bh3+ 29. Kg3 Qxc5 30. Kxh3 Qg5 31. Rad1 f5 32. Rg1 Qh5+
33. Kg2 Rb8 34. b3 Rc8 35. Rd3 Qg6+ 36. Kh1 Qc6 37. a4 g6 38. Nd5 Re8 39. Ne3
Qxf3+ 40. Rg2 Rxe3 0-1

[Event "DEM U16 2012"]
[Site "Oberhof GER"]
[Date "2012.06.02"]
[Round "9"]
[White "Neef, Maximilian"]
[Black "Krause, Benedict"]
[Result "1-0"]
[Termination "normal"]
[Board "1"]
[WhiteElo "2064"]
[BlackElo "1930"]
[PlyCount "147"]
[WhiteFideId "24692085"]
[BlackFideId "12917990"]
[EventCountry "GER"]
[EventRounds "9"]
[EventType "swiss"]
[EventDate "2012.05.26"]

1. d4 Nf6 2. c4 g6 3. Nc3 d5 4. Bf4 Bg7 5. e3 c5 6. dxc5 Qa5 7. Rc1 Ne4 8. cxd5
Nxc3 9. Qd2 Qxa2 10. bxc3 Qa5 11. Nf3 Qxc5 12. e4 Nd7 13. Be2 O-O 14. O-O b6
15. Nd4 Bb7 16. Be3 Qc8 17. Qa2 Nc5 18. f3 e6 19. dxe6 Nxe6 20. Bc4 Nc5 21. Nb5
Qc6 22. Rfd1 a6 23. Nd6 Qc7 24. Nxf7 b5 25. Ng5+ Kh8 26. Bd5 Bf6 27. Bxb7 Qxb7
28. Bxc5 Bxg5 29. Bxf8 Bxc1 30. Bc5 Bh6 31. Qe6 Bg7 32. Rd7 Qc8 33. Qd5 Qg8 34.
Qd3 Qc4 35. Qxc4 bxc4 36. Bd4 Bxd4+ 37. Rxd4 a5 38. Rxc4 a4 39. Rb4 a3 40. Rb1
Rc8 41. Rc1 Rb8 42. Ra1 Rb3 43. c4 Kg7 44. f4 Kf6 45. Kf2 Rb2+ 46. Ke3 a2 47.
g4 g5 48. fxg5+ Kxg5 49. h3 Kf6 50. Kd4 Rh2 51. Kd5 Rd2+ 52. Kc6 Ke5 53. c5
Kxe4 54. Kb7 Kd5 55. c6 Rb2+ 56. Kc7 Kc4 57. Kd8 Rd2+ 58. Kc8 Kb3 59. c7 Ka3
60. g5 Rh2 61. Rd1 Rd2 62. Rf1 Rf2 63. Rxf2 a1=Q 64. Rf6 Qe5 65. Kb7 Qd5+ 66.
Rc6 Qb5+ 67. Rb6 Qd5+ 68. Kb8 Qe5 69. Rb7 Ka4 70. h4 Ka5 71. h5 Qf4 72. g6 hxg6
73. hxg6 Qf8+ 74. c8=Q 1-0

[Event "DEM U16 2012"]
[Site "Oberhof GER"]
[Date "2012.06.02"]
[Round "9"]
[White "Noe, Christopher"]
[Black "Carow, Johannes"]
[Result "0-1"]
[Termination "normal"]
[Board "2"]
[WhiteElo "2158"]
[BlackElo "2206"]
[PlyCount "74"]
[WhiteFideId "24692018"]
[BlackFideId "24692050"]
[EventCountry "GER"]
[EventRounds "9"]
[EventType "swiss"]
[EventDate "2012.05.26"]

1. e4 c5 2. Nf3 Nc6 3. d3 g6 4. g3 Bg7 5. Bg2 d6 6. O-O e5 7. Nc3 Nge7 8. Nh4
O-O 9. f4 exf4 10. gxf4 f5 11. Be3 Nd4 12. Qd2 Be6 13. Nf3 Nxf3+ 14. Bxf3 Nc6
15. Rae1 Qd7 16. Nd5 Rae8 17. c3 Kh8 18. Kh1 b6 19. Rg1 Ne7 20. Nxe7 Qxe7 21.
a3 Qf7 22. Qg2 Bc8 23. h4 Bb7 24. Bc1 Qf6 25. Qh3 fxe4 26. dxe4 Bh6 27. h5 gxh5
28. Qg3 h4 29. Qg2 Rg8 30. Qh2 Rxg1+ 31. Kxg1 Rf8 32. e5 Qg6+ 33. Kf2 Bxf3 34.
Kxf3 Qd3+ 35. Kf2 Qc2+ 36. Kg1 Rg8+ 37. Kh1 Qd3 0-1

[Event "DEM U16 2012"]
[Site "Oberhof GER"]
[Date "2012.06.02"]
[Round "9"]
[White "Stanau, Guido"]
[Black "Kvetny, Mark"]
[Result "1/2-1/2"]
[Termination "normal"]
[Board "3"]
[WhiteElo "2094"]
[BlackElo "2230"]
[PlyCount "137"]
[WhiteFideId "24692255"]
[BlackFideId "24603929"]
[EventCountry "GER"]
[EventRounds "9"]
[EventType "swiss"]
[EventDate "2012.05.26"]

1. e4 c5 2. Nf3 d6 3. d4 cxd4 4. Nxd4 Nf6 5. Nc3 a6 6. Bg5 Nbd7 7. Bc4 Qb6 8.
Bb3 e6 9. O-O Be7 10. Kh1 Nc5 11. Be3 Qc7 12. f3 b5 13. Qe1 b4 14. Na4 Nxb3 15.
cxb3 Qb7 16. Nc2 a5 17. Nb6 Ra6 18. Nxc8 Qxc8 19. Nd4 O-O 20. Rc1 Qb7 21. Qe2
Rb8 22. Qc2 Bf8 23. Rfd1 Nd7 24. Qd2 Nc5 25. Rc2 a4 26. bxa4 Rxa4 27. b3 Ra5
28. Ne2 Qa6 29. Bf4 Rd8 30. Bg5 f6 31. Bh4 d5 32. e5 Nd7 33. exf6 Nxf6 34. Rdc1
d4 35. Bxf6 gxf6 36. Rc4 Rxa2 37. Qd3 Bh6 38. f4 Ra1 39. Qg3+ Kh8 40. Qh4 Bg7
41. Qe1 Rxc1 42. Nxc1 d3 43. Qd2 e5 44. h3 Qd6 45. fxe5 fxe5 46. Qxd3 Qxd3 47.
Nxd3 Rxd3 48. Rc8+ Bf8 49. Rxf8+ Kg7 50. Rf5 e4 51. Kg1 Rxb3 52. Kf2 Rb2+ 53.
Ke3 Rxg2 54. Kxe4 Rg3 55. Rb5 Rxh3 56. Rb6 Rb3 57. Kf5 Rb1 58. Rb7+ Kf8 59. Kf6
Ke8 60. Ke6 Kd8 61. Kd6 Kc8 62. Rc7+ Kb8 63. Rxh7 b3 64. Kc6 Rc1+ 65. Kb6 Kc8
66. Rh2 Rc2 67. Rh1 b2 68. Rb1 Rc7 69. Kb5 1/2-1/2

[Event "DEM U16 2012"]
[Site "Oberhof GER"]
[Date "2012.06.02"]
[Round "9"]
[White "Grewenig, Jan"]
[Black "Lampert, Jonas"]
[Result "1/2-1/2"]
[Termination "normal"]
[Board "4"]
[WhiteElo "1918"]
[BlackElo "2279"]
[PlyCount "42"]
[WhiteFideId "4657330"]
[BlackFideId "1303759"]
[EventCountry "GER"]
[EventRounds "9"]
[EventType "swiss"]
[EventDate "2012.05.26"]

1. e4 e5 2. Nf3 Nc6 3. d4 exd4 4. Nxd4 Bc5 5. Nxc6 Qf6 6. Qd2 dxc6 7. Nc3 Be6
8. Na4 Bd6 9. Bd3 O-O-O 10. Nc3 Nh6 11. h3 Qe7 12. O-O f6 13. f4 Bc5+ 14. Kh2
f5 15. Qe1 Rhe8 16. Be3 Kb8 17. Qf2 Bxe3 18. Qxe3 fxe4 19. Qxe4 Qh4 20. f5 Qxe4
21. Bxe4 Bd5 1/2-1/2

[Event "DEM U16 2012"]
[Site "Oberhof GER"]
[Date "2012.06.02"]
[Round "9"]
[White "Powierski, Emil"]
[Black "Tennert, Simon"]
[Result "1/2-1/2"]
[Termination "normal"]
[Board "5"]
[WhiteElo "2044"]
[BlackElo "2074"]
[PlyCount "60"]
[WhiteFideId "4656199"]
[BlackFideId "1270445"]
[EventCountry "GER"]
[EventRounds "9"]
[EventType "swiss"]
[EventDate "2012.05.26"]

1. e4 e5 2. Nf3 Nc6 3. Bb5 f5 4. Nc3 fxe4 5. Nxe4 d5 6. Nxe5 dxe4 7. Nxc6 Qg5
8. Qe2 Nf6 9. Nxa7+ Bd7 10. f4 Qf5 11. Bxd7+ Nxd7 12. Nb5 O-O-O 13. O-O Bc5+
14. Kh1 c6 15. b4 Bxb4 16. Nd4 Qf6 17. c3 Rhe8 18. Rb1 Bc5 19. Qc4 Bxd4 20.
cxd4 Nb8 21. Bb2 Rd5 22. Bc3 Qh4 23. Qe2 Nd7 24. a4 Nf6 25. a5 Rh5 26. h3 Rf5
27. a6 b5 28. d5 Rxd5 29. Qe3 Rd3 30. Qb6 Rxh3+ 1/2-1/2

[Event "DEM U16 2012"]
[Site "Oberhof GER"]
[Date "2012.06.02"]
[Round "9"]
[White "Moritz, Aron"]
[Black "Stahnecker, Ludwig"]
[Result "0-1"]
[Termination "normal"]
[Board "6"]
[WhiteElo "2130"]
[BlackElo "2101"]
[PlyCount "146"]
[WhiteFideId "24672319"]
[BlackFideId "24692026"]
[EventCountry "GER"]
[EventRounds "9"]
[EventType "swiss"]
[EventDate "2012.05.26"]

1. e4 e5 2. Nf3 Nc6 3. Bc4 Nf6 4. d3 Be7 5. O-O d6 6. a4 Na5 7. Ba2 c5 8. Re1
O-O 9. Nbd2 Be6 10. c3 Nc6 11. d4 cxd4 12. cxd4 Bxa2 13. Rxa2 exd4 14. Nb3 Nb4
15. Ra1 d3 16. Nfd4 d5 17. e5 Ne4 18. Bd2 Nxd2 19. Qxd2 a5 20. Kh1 Rc8 21. f4
Re8 22. Re3 Bf8 23. Rg3 Qb6 24. Rf1 Rc4 25. Nf5 Kh8 26. Nc1 Rc2 27. Qd1 d2 28.
Nb3 Qa6 29. Rgf3 Rec8 30. Nxd2 Rxb2 31. Nd4 Nc6 32. Qc1 Rb4 33. N4b3 b6 34. Qa1
Re8 35. Re1 b5 36. axb5 Qxb5 37. Nc1 Nd4 38. Rc3 Rb2 39. Ndb3 Rxb3 40. Nxb3
Nxb3 41. Qb1 a4 42. Rh3 g6 43. Qd1 Qd7 44. g4 Bg7 45. Rd3 d4 46. Qf3 h6 47. h3
Re6 48. Qa8+ Kh7 49. Kg1 f6 50. f5 gxf5 51. gxf5 Rxe5 52. Rxe5 fxe5 53. f6 Bxf6
54. Rg3 Bg7 55. Qe4+ Kg8 56. Qa8+ Kf7 57. Qf3+ Bf6 58. Qh5+ Ke7 59. Qxh6 Ke6
60. Qf8 Be7 61. Qg8+ Kd6 62. Qc4 Nc5 63. Rg6+ Kc7 64. Qb4 Bd6 65. Qa5+ Kc6 66.
Rg8 Kd5 67. Rg2 Qb7 68. Qd8 Qb1+ 69. Kh2 e4+ 70. Rg3 Qc2+ 71. Kh1 Qd1+ 72. Rg1
Qf3+ 73. Rg2 Qf1+ 0-1

[Event "DEM U16 2012"]
[Site "Oberhof GER"]
[Date "2012.06.02"]
[Round "9"]
[White "Imcke, Patrick"]
[Black "Yankelevich, Lev"]
[Result "0-1"]
[Termination "normal"]
[Board "7"]
[WhiteElo "1855"]
[BlackElo "2162"]
[PlyCount "108"]
[WhiteFideId "4622502"]
[BlackFideId "24684074"]
[EventCountry "GER"]
[EventRounds "9"]
[EventType "swiss"]
[EventDate "2012.05.26"]

1. e4 c5 2. Nf3 d6 3. d4 cxd4 4. Nxd4 Nf6 5. Nc3 a6 6. Be2 e5 7. Nb3 Be7 8. Bg5
O-O 9. Bxf6 Bxf6 10. Qd3 Be6 11. O-O-O Be7 12. Nd5 Bxd5 13. Qxd5 Qb6 14. Kb1
Nd7 15. f3 Nf6 16. Qd2 Rfd8 17. Bc4 a5 18. Qd3 a4 19. Nd2 a3 20. Qb3 Qf2 21.
Bxf7+ Kh8 22. Qxb7 Bf8 23. Bb3 Qxg2 24. Rhg1 Qe2 25. Bc4 Qf2 26. Qf7 d5 27.
exd5 Rd6 28. Bb3 Rad8 29. Rgf1 Qg2 30. Ne4 R6d7 31. Qe6 Nxd5 32. Rfe1 Qe2 33.
Kc1 axb2+ 34. Kxb2 Qxf3 35. Rxd5 Rxd5 36. Bxd5 Ba3+ 37. Kb1 Qf8 38. Bb3 Qf3 39.
c3 Qg2 40. Bc2 Rb8+ 41. Qb3 Rxb3+ 42. axb3 g5 43. b4 Qxh2 44. b5 Qh6 45. Ka2
Be7 46. Rb1 Qb6 47. Rb3 g4 48. c4 h5 49. Bd1 Qd4 50. b6 Qxe4 51. b7 Bd6 52.
b8=Q+ Bxb8 53. Rxb8+ Kg7 54. Bb3 Qc6 0-1

[Event "DEM U16 2012"]
[Site "Oberhof GER"]
[Date "2012.06.02"]
[Round "9"]
[White "Müller, Nick"]
[Black "Kyas, Philipp"]
[Result "1-0"]
[Termination "normal"]
[Board "8"]
[WhiteElo "2065"]
[BlackElo "2100"]
[PlyCount "68"]
[WhiteFideId "24692093"]
[BlackFideId "24670936"]
[EventCountry "GER"]
[EventRounds "9"]
[EventType "swiss"]
[EventDate "2012.05.26"]

1. e4 e5 2. Nf3 Nc6 3. Bb5 a6 4. Ba4 Nf6 5. O-O b5 6. Bb3 Be7 7. Re1 d6 8. c3
O-O 9. h3 Na5 10. Bc2 c5 11. d4 Nd7 12. d5 Nc4 13. Nbd2 Nxd2 14. Qxd2 Nb6 15.
b4 cxb4 16. cxb4 f5 17. exf5 Bxf5 18. Bxf5 Rxf5 19. Qd3 Qf8 20. Be3 Nc4 21. Nd2
Nxd2 22. Qxd2 Qf7 23. a4 e4 24. axb5 Rxd5 25. Qe2 Bf6 26. Rxa6 Rb8 27. b6 Rd3
28. Rc1 Bc3 29. Qg4 Rxe3 30. fxe3 Rf8 31. Qe2 Qb3 32. Qa2 Qxa2 33. Rxa2 Bxb4
34. b7 Bc5 1-0

[Event "DEM U16 2012"]
[Site "Oberhof GER"]
[Date "2012.06.02"]
[Round "9"]
[White "Möhn, Hans"]
[Black "Galkin, Wladislaw"]
[Result "0-1"]
[Termination "normal"]
[Board "9"]
[WhiteElo "2106"]
[BlackElo "1989"]
[PlyCount "76"]
[WhiteFideId "24647837"]
[BlackFideId "4603192"]
[EventCountry "GER"]
[EventRounds "9"]
[EventType "swiss"]
[EventDate "2012.05.26"]

1. e4 e5 2. Nf3 Nc6 3. Bb5 a6 4. Ba4 Nf6 5. d3 b5 6. Bb3 Be7 7. O-O d6 8. a4
Bd7 9. Nc3 Na5 10. Ba2 bxa4 11. Bd2 Nb7 12. Nd5 O-O 13. Nxe7+ Qxe7 14. Re1 Rab8
15. Qc1 Nc5 16. Be3 Ne6 17. Nh4 Ng4 18. Nf5 Qf6 19. Bd2 Nf4 20. Bxf4 exf4 21.
Qxf4 Bxf5 22. exf5 Nh6 23. Qxa4 Rxb2 24. Bb3 Nxf5 25. Re4 c5 26. Rae1 Nd4 27.
f3 Nxb3 28. cxb3 Qg5 29. R4e2 Rxe2 30. Rxe2 Qc1+ 31. Kf2 Qh6 32. Kg1 d5 33. Qa5
Qc6 34. Rc2 Rc8 35. Ra2 Qe6 36. Qd2 d4 37. Rb2 Rb8 38. Qc2 Qe1# 0-1

[Event "DEM U16 2012"]
[Site "Oberhof GER"]
[Date "2012.06.02"]
[Round "9"]
[White "Koop, Thorben"]
[Black "Gibicar, Danijel"]
[Result "1-0"]
[Termination "normal"]
[Board "10"]
[WhiteElo "2141"]
[BlackElo "2100"]
[PlyCount "87"]
[WhiteFideId "24661619"]
[BlackFideId "24660256"]
[EventCountry "GER"]
[EventRounds "9"]
[EventType "swiss"]
[EventDate "2012.05.26"]

1. Nf3 Nf6 2. g3 d5 3. Bg2 c6 4. O-O Bf5 5. d3 e6 6. c3 Be7 7. Qb3 Qc8 8. Be3
Nbd7 9. Bd4 O-O 10. Nbd2 Qc7 11. Bxf6 Nxf6 12. Rfe1 e5 13. c4 dxc4 14. Nxc4 Nd7
15. a4 Be6 16. a5 b5 17. axb6 axb6 18. Qc3 Bf6 19. Qb4 b5 20. Ne3 Nb6 21. Rac1
Rfc8 22. Nh4 Qd7 23. Nf3 Nd5 24. Qd2 Qa7 25. Nc2 Qb6 26. e4 Nc7 27. d4 exd4 28.
Ncxd4 c5 29. Nxe6 Nxe6 30. e5 Be7 31. Red1 Ra7 32. Qe2 Rac7 33. Bf1 c4 34. Bh3
Rc5 35. Rd7 R5c7 36. Rcd1 Rxd7 37. Rxd7 Bc5 38. Qd2 b4 39. Rxf7 Kxf7 40. Qd7+
Kf8 41. Bxe6 Qxe6 42. Qxe6 Rc7 43. Ng5 g6 44. Qd5 1-0

[Event "DEM U16 2012"]
[Site "Oberhof GER"]
[Date "2012.06.02"]
[Round "9"]
[White "Florstedt, Johannes"]
[Black "Lerch, Philipp"]
[Result "0-1"]
[Termination "normal"]
[Board "11"]
[WhiteElo "2093"]
[BlackElo "2084"]
[PlyCount "100"]
[WhiteFideId "12922293"]
[BlackFideId "4654129"]
[EventCountry "GER"]
[EventRounds "9"]
[EventType "swiss"]
[EventDate "2012.05.26"]

1. e4 c5 2. c3 Nf6 3. e5 Nd5 4. d4 cxd4 5. Nf3 e6 6. cxd4 d6 7. Bc4 Be7 8. O-O
O-O 9. Qe2 Nc6 10. Nc3 Nxc3 11. bxc3 dxe5 12. dxe5 Qa5 13. Bd2 Rd8 14. Qe4 Qa4
15. Bd3 Qxe4 16. Bxe4 Nxe5 17. Nxe5 Rxd2 18. Rfd1 Rxd1+ 19. Rxd1 f5 20. Bf3 Kf8
21. c4 Bf6 22. Nd7+ Bxd7 23. Rxd7 Rc8 24. Be2 Rc5 25. Rxb7 Ra5 26. c5 Rxc5 27.
Rxa7 Rc2 28. Bb5 Bd4 29. Ra8+ Ke7 30. g3 Bxf2+ 31. Kh1 Kf6 32. Ra6 Bd4 33. Rc6
Rb2 34. Bc4 Rb1+ 35. Kg2 Rb2+ 36. Kh1 Rb6 37. Rxb6 Bxb6 38. Kg2 e5 39. Kf3 e4+
40. Ke2 Bc7 41. Kf2 Bb6+ 42. Ke2 g5 43. Bg8 h6 44. Bh7 Ke5 45. h4 gxh4 46. gxh4
f4 47. Bg6 f3+ 48. Kf1 e3 49. Bd3 Kd4 50. Bb5 Ba5 0-1

[Event "DEM U16 2012"]
[Site "Oberhof GER"]
[Date "2012.06.02"]
[Round "9"]
[White "Kreyssig, Robert"]
[Black "Pixa, Richard"]
[Result "1/2-1/2"]
[Termination "normal"]
[Board "12"]
[WhiteElo "1935"]
[BlackElo "1875"]
[PlyCount "94"]
[WhiteFideId "4662881"]
[BlackFideId "4626095"]
[EventCountry "GER"]
[EventRounds "9"]
[EventType "swiss"]
[EventDate "2012.05.26"]

1. d4 d5 2. c4 e6 3. Nc3 c6 4. e4 Bb4 5. cxd5 exd5 6. e5 c5 7. a3 Bxc3+ 8. bxc3
Nc6 9. Nf3 Nge7 10. Be2 O-O 11. O-O Bf5 12. Be3 cxd4 13. cxd4 Rc8 14. Nh4 Be6
15. Bd3 Ng6 16. Nf5 Bxf5 17. Bxf5 Rc7 18. Qh5 Nce7 19. Bb1 Qd7 20. f4 f5 21.
exf6 Rxf6 22. f5 Nf8 23. Bg5 Rf7 24. Bxe7 Qxe7 25. Ba2 Qe4 26. f6 Qxd4+ 27. Kh1
Rxf6 28. Bxd5+ Kh8 29. Rad1 Rxf1+ 30. Rxf1 Qf2 31. Rd1 Rd7 32. h3 Qf6 33. Qe2
Qd8 34. Qf3 Ng6 35. Bb3 Rxd1+ 36. Bxd1 b6 37. Bc2 Qf8 38. Qd3 Qf6 39. a4 Qa1+
40. Kh2 Qe5+ 41. Kh1 Nf8 42. Qd8 Qf6 43. Qc7 g6 44. Bb3 h5 45. Qxa7 Qa1+ 46.
Kh2 Qe5+ 47. Kh1 Qe1+ 1/2-1/2

[Event "DEM U16 2012"]
[Site "Oberhof GER"]
[Date "2012.06.02"]
[Round "9"]
[White "Persch, Adrian"]
[Black "Knopf, Felix"]
[Result "1-0"]
[Termination "normal"]
[Board "13"]
[WhiteElo "2030"]
[BlackElo "1790"]
[PlyCount "39"]
[WhiteFideId "24698830"]
[BlackFideId "24692204"]
[EventCountry "GER"]
[EventRounds "9"]
[EventType "swiss"]
[EventDate "2012.05.26"]

1. d4 d5 2. c4 c6 3. cxd5 cxd5 4. Nc3 Nf6 5. Bf4 Nc6 6. e3 Qb6 7. Nb5 e5 8.
dxe5 Bb4+ 9. Nc3 Ne4 10. Nge2 d4 11. exd4 Nxd4 12. Be3 O-O 13. Qxd4 Nc5 14. Nf4
Qa5 15. Nfd5 Bxc3+ 16. Qxc3 Qxc3+ 17. Nxc3 Nd7 18. f4 f6 19. Bc4+ Kh8 20. e6
1-0

[Event "DEM U16 2012"]
[Site "Oberhof GER"]
[Date "2012.06.02"]
[Round "9"]
[White "Grötzbach, Julian"]
[Black "Passon, Marcel"]
[Result "1/2-1/2"]
[Termination "normal"]
[Board "15"]
[WhiteElo "2042"]
[BlackElo "1894"]
[PlyCount "86"]
[WhiteFideId "24600938"]
[BlackFideId "12905186"]
[EventCountry "GER"]
[EventRounds "9"]
[EventType "swiss"]
[EventDate "2012.05.26"]

1. e4 e5 2. Nf3 Nc6 3. Bb5 a6 4. Ba4 Nf6 5. O-O Be7 6. Re1 b5 7. Bb3 d6 8. c3
O-O 9. h3 Nb8 10. d4 Nbd7 11. Nbd2 Bb7 12. Bc2 c5 13. d5 c4 14. b3 cxb3 15.
axb3 Qc7 16. c4 Rfc8 17. Ra2 b4 18. Nf1 Bf8 19. g4 h6 20. Ne3 g6 21. Kh2 Nh7
22. Ng2 Qd8 23. Bd2 a5 24. Qc1 Qf6 25. Nfh4 Nc5 26. Kg3 a4 27. Bxb4 axb3 28.
Rxa8 Rxa8 29. Bxc5 bxc2 30. Be3 Ra2 31. Re2 Ng5 32. f3 Ba6 33. Rxc2 Rxc2 34.
Qxc2 Qd8 35. Bd2 Be7 36. Qa4 Qc8 37. Ne3 Nh7 38. Nhg2 h5 39. Ne1 hxg4 40. hxg4
Bg5 41. N1g2 Be7 42. Bb4 Nf6 43. Ba3 Nd7 1/2-1/2

[Event "DEM U16 2012"]
[Site "Oberhof GER"]
[Date "2012.06.02"]
[Round "9"]
[White "Kardoeus, David"]
[Black "Schreiber, Kevin"]
[Result "1/2-1/2"]
[Termination "normal"]
[Board "16"]
[WhiteElo "1771"]
[BlackElo "1869"]
[PlyCount "47"]
[WhiteFideId "12912050"]
[BlackFideId "24655830"]
[EventCountry "GER"]
[EventRounds "9"]
[EventType "swiss"]
[EventDate "2012.05.26"]

1. b3 e5 2. Bb2 d6 3. g3 Be6 4. Bg2 c6 5. c4 g6 6. c5 Bg7 7. cxd6 Qxd6 8. d3
Ne7 9. Nd2 O-O 10. Ne4 Qb4+ 11. Bc3 Qb6 12. Nf3 Nd7 13. O-O Nd5 14. Rc1 Nxc3
15. Nxc3 h6 16. Qc2 Rad8 17. Na4 Qb4 18. Nc5 Nxc5 19. Qxc5 Qxc5 20. Rxc5 Rd5
21. Rc2 Rd7 22. Rc5 Rd5 23. Rc2 Rd7 24. Rc5 1/2-1/2

[Event "DEM U16 2012"]
[Site "Oberhof GER"]
[Date "2012.06.02"]
[Round "9"]
[White "Kühne, Niklas"]
[Black "Adiyaman, Rene"]
[Result "1-0"]
[Termination "normal"]
[Board "17"]
[WhiteElo "1724"]
[BlackElo "1860"]
[PlyCount "91"]
[WhiteFideId "24690015"]
[BlackFideId "12910414"]
[EventCountry "GER"]
[EventRounds "9"]
[EventType "swiss"]
[EventDate "2012.05.26"]

1. c4 c5 2. Nc3 g6 3. g3 Bg7 4. Bg2 Nc6 5. e3 Bxc3 6. bxc3 d6 7. Ne2 Qd7 8. O-O
b6 9. d4 Bb7 10. Bxc6 Qxc6 11. d5 Qd7 12. e4 Nf6 13. f3 O-O 14. Kg2 Ba6 15. Qb3
Kg7 16. a4 e6 17. Re1 Rfe8 18. Nf4 exd5 19. Nxd5 Nxd5 20. cxd5 c4 21. Qd1 Bc8
22. Qd4+ Kg8 23. g4 Qe7 24. Bf4 Ba6 25. h4 Rad8 26. Bg5 Qe5 27. Qxe5 dxe5 28.
Bxd8 Rxd8 29. a5 b5 30. Reb1 Kg7 31. Rb4 f6 32. Rab1 Rd6 33. Kg3 f5 34. Rxb5
f4+ 35. Kf2 Bxb5 36. Rxb5 Kh6 37. Rb7 g5 38. hxg5+ Kxg5 39. Rxa7 h5 40. gxh5
Kxh5 41. Re7 Ra6 42. Rxe5+ Kh4 43. Rf5 Rxa5 44. Rxf4+ Kg5 45. Rf5+ Kg6 46. Ke3
1-0